Selected values of properties of chemical compounds /

Guardado en:
Autor Corporativo: Texas Engineering Experiment Station. Thermodynamics Research Center. Data project.
Formato: Libro
Idioma:English
Publicado: College Station, Texas : Thermocynamics Research Center, Texas A & M University, [1979-
Materias:
Etiquetas: Agregar Etiqueta
Sin Etiquetas, Sea el primero en etiquetar este registro!
LEADER 01225nam a22002655a 4500
001 EIQ.libpla001960
008 070315s1974####xx#a##########000#0#eng#d
005 20070315171629.0
245 0 0 |a Selected values of properties of chemical compounds /  |c Thermodynamics Research Center Data Project. 
260 |a College Station, Texas :  |b Thermocynamics Research Center, Texas A & M University,  |c [1979- 
300 |a v. (hoja sustituible) :  |b il., tablas ;  |c 30 cm. 
500 |a Continuado por suplementos. 
710 2 |a Texas Engineering Experiment Station.  |b Thermodynamics Research Center.  |b Data project. 
246 1 |a TRC thermodynamic tables 
650 4 |a Termodinámica  |x Tablas. 
650 4 |a Química analítica  |x Tablas. 
650 4 |a Materia  |x Propiedades. 
650 4 |a Chemistry, Analytic  |x Tables. 
650 4 |a Thermodynamics  |x Tables. 
650 4 |a Matter  |x Properties. 
040 |a AR-BbSID  |b spa  |c AR-BbSID 
859 |a AR-BbSID  |b BIB. PLAPIQUI  |h 541.369  |i Se 48va  |k R  |p 4972  |v Vol. 1  |3 Vol. 1 
859 |a AR-BbSID  |b BIB. PLAPIQUI  |h 541.369  |i Se 48va  |k R  |p 4973  |v Vol. 2  |3 Vol. 2 
859 |a AR-BbSID  |b BIB. PLAPIQUI  |h 541.369  |i Se 48va  |k R  |p 4974  |v vol. 3  |3 Vol. 3 
859 |a AR-BbSID  |b BIB. PLAPIQUI  |h 541.369  |i Se 48va  |k R  |p 4975  |v Vol. 4  |3 Vol. 4